00601nam a22002297a 450000500170000001000130001702000220003003500130005203700160006504000120008108200150009310000190010824500780012726000280020527000100023330000270024350000200027065000160029065000250030670000200033170000200035120170124110240.0 aA-527886 c00.00a2080135104 aA-527886 bCen Lib/Ret aDPLbEN a726.2bATA aAtasoy, Nurban aThe art of islam /cby Nurban Atasoy, Afif Babnassi [and] michael Rogers  aParisbFlammarionc1990 bParis a176p.:c27cm(Hb)bill. aincludes index  aIslamic art aIslamic architecture aBabnassi, Afif  aRogers, Michael